| 000 | 01665nam1a22002771i 4500 | ||
|---|---|---|---|
| 001 | rc\2334163 | ||
| 005 | 20260408073024.0 | ||
| 035 | _a(NLR Aleph) 008784540 | ||
| 090 |
_a8003073 _c8003073 |
||
| 100 | _a20110829d1977 |||y0rusy50 ca | ||
| 101 | 0 | _arus | |
| 102 | _aRU | ||
| 105 | _a c ||||| | ||
| 200 | 1 |
_aРекомендации по решению задач оперативного управления производством на предприятиях отрасли _eметодические указания в помощь руководящим работникам и специалистам отрасли _fИн-т повышения квалификации руководящих работников и специалистов М-ва тракт. и с.-х. машиностроения СССР _g[сост. Филатов О.И., к. э. н.] |
|
| 210 |
_aРостов-на-Дону _cб.и. _d1977 |
||
| 215 |
_a2 т. _d19 |
||
| 300 | _aСост. указан на обороте тит. л. | ||
| 686 | 0 |
_aУ9(2)305.851.528.1-212.5я8 _2rubbk |
|
| 702 | 1 |
_aФилатов _bО. И. _gОлег Иванович _4220 |
|
| 712 | 0 | 2 |
_aИнститут повышения квалификации руководящих работников и специалистов Министерства тракторного и сельскохозяйственного машиностроения СССР _cРостов-на-Дону _9628693 _3RU\NLR\AUTH\8810063544 |
| 801 | 0 |
_aRU _bNLR _gpsbo |
|
| 801 | 1 |
_aRU _bELAR _2rusmarc |
|
| 801 | 2 |
_aRU _bNLR _c20120706 _2rusmarc |
|
| 852 |
_aNLR _j78-4/3 |
||
| 899 |
_aRuMoRGB _jБ 78-37/108 |
||
| 942 | _cBOOK | ||